000
00251nam a2200097Ia 4500
001
765002
005
20250826165314.0
008
250824s9999 xx 000 0 und d
245
0
_a
BAY IVIRZIVIR VE BOYALI KAPLAN
_c
ROBIN MELLOR
260
_b
MARTI YAYINLARI
999
_c
765002
_d
765002